[Event "IOM Open-Masters 2017"]
[Site "Douglas"]
[Date "2017.09.29"]
[Round "7"]
[White "Caruana, Fabiano"]
[Black "Jones, Gawain C B"]
[Result "1-0"]
[WhiteElo "2799"]
[BlackElo "2668"]
[Annotator "TA"]
[PlyCount "63"]
[EventDate "2017.??.??"]
[EventType "swiss"]
[EventCountry "GBR"]
[SourceTitle "playchess.com"]
[Source "ChessBase"]
[SourceQuality "1"]

{[%evp 19,63,11,15,18,25,0,25,19,11,24,40,33,25,36,30,25,32,25,15,19,24,32,58,55,57,27,104,18,351,322,348,304,529,529,526,531,535,472,464,460,654,637,553,551,622,648]} 1. e4 e5 2. Nf3 Nc6 3. Bb5 {[%cal Bf1b5,Bb5a4,Ba4b3][%mdl 32]} a6 4. Ba4 Nf6 5. O-O b5 6. Bb3 Bc5 7. c3 d6 8. a4 Rb8 9. d4 Bb6 10. a5 {C78: Ruy Lopez: Archangelsk and Möller Defences} Ba7 $1 {LiveBook: 150 Games} 11. h3 O-O 12. Be3 {White has an edge.} Ra8 13. Re1 h6 14. Nbd2 exd4 15. cxd4 Nb4 {[#]} 16. e5 $146 ({Predecessor:} 16. d5 Bxe3 17. Rxe3 c5 {½-½ (57) Grandelius,N (2644)-Jones,G (2660) Linares 2017}) 16... Nfd5 17. Ne4 Nxe3 18. Rxe3 {Strongly threatening Qd2.} (18. fxe3 Bf5 $15) 18... Bb7 {Black wants to play ...dxe5.} 19. e6 Nd5 20. exf7+ Kh8 21. Re1 Rxf7 22. Rc1 $1 Rc8 (22... Rf8 $1 $11 {remains equal.}) 23. Nfg5 $1 $36 {[%cal Rg5f7][%mdl 2048] White has the initiative.} Rf5 $2 {[%mdl 8192]} (23... Re7 $11 {and Black is okay.}) 24. Ne6 $18 Qd7 {[#]} 25. Qg4 $1 {[%cal Rg4f5]} Qf7 $2 {[#]} (25... Qxe6 {was worth a try.} 26. Ng3 {[#]} Re5 $1 {[%mdl 512]} 27. Qxe6 (27. dxe5 Qxg4 28. hxg4 Rf8 $18) 27... Rxe6 28. Rxe6 Rf8) 26. Rxc7 $3 {[%mdl 512] White is clearly winning.} Rxc7 27. Nxd6 Rxf2 {And now ...Qe7 would win.} 28. Nxc7 Qf6 29. Nxd5 ({Weaker is} 29. Nxb7 Bxd4 30. Kh2 (30. Re8+ Kh7 $17) 30... Nxc7 $15) 29... Qxd4 (29... Bxd5 $142 30. Bxd5 Qxd4) 30. Qxd4 Bxd4 31. Re4 ({Stronger than} 31. Nxb7 Re2+ 32. Kf1 Rf2+ 33. Kg1 Re2+ 34. Kf1 Rf2+ 35. Kg1 $11) 31... Ba7 {With the idea ...Bxd5.} 32. Nb6 {Precision: White = 91%, Black = 42%.} 1-0

[Event "IOM Open-Masters 2017"]
[Site "Douglas"]
[Date "2017.09.29"]
[Round "7"]
[White "Adams, Michael"]
[Black "L'Ami, Erwin"]
[Result "1/2-1/2"]
[WhiteElo "2738"]
[BlackElo "2611"]
[Annotator "TA"]
[PlyCount "103"]
[EventDate "2017.??.??"]
[EventType "swiss"]
[EventCountry "GBR"]
[SourceTitle "playchess.com"]
[Source "ChessBase"]
[SourceQuality "1"]

{[%evp 23,103,35,35,28,39,28,42,33,29,27,37,27,33,23,30,27,34,29,40,29,33,33,42,34,38,33,161,77,74,83,87,66,70,60,57,51,51,40,61,54,57,18,20,19,28,13,11,3,41,42,83,78,83,0,3,0,0,0,3,3,3,3,3,3,12,3,3,3,3,3,5,5,5,5,6,0,5,0,0,0,0,0]} 1. e4 e5 2. Nf3 Nc6 3. Bb5 Nf6 4. O-O Nxe4 5. Re1 Nd6 6. Nxe5 Be7 7. Bf1 Nxe5 8. Rxe5 O-O 9. d4 Bf6 10. Re1 Nf5 {C67: Ruy Lopez: Berlin Defence: 4 0-0 Nxe4} 11. d5 d6 12. Nd2 Bg5 {LiveBook: 14 Games. White is slightly better.} (12... Re8 13. Ne4 Bd7 14. c3 h6 15. Bd3 Nh4 16. g3 Ng6 17. f4 c6 18. Be3 {½-½ (70) Anand,V (2786)-Kramnik,V (2808) Leuven 2017}) 13. Nf3 Bxc1 $146 ({Predecessor:} 13... Bf6 14. c3 c5 15. a4 Bd7 16. Nd2 Re8 17. Rxe8+ Qxe8 18. Nc4 {1-0 (39) Mostowik,P (1949)-Herzog,K (1789) LSS email 2011}) 14. Qxc1 Nh4 15. Qf4 Nxf3+ 16. Qxf3 Re8 17. Rxe8+ Qxe8 18. Qc3 Qd8 19. Re1 {And now Qxc7! would win.} Bd7 20. Re3 a6 21. Bd3 {[%cal Bf1d3,Bd3e4,Be4f5][%mdl 32]} Bb5 22. Be4 Rc8 23. Qd4 Qf8 24. Bf5 {[#] aiming for a4.} Rb8 (24... Re8 $14) 25. a4 (25. c4 $18 {is more deadly.} Be8 26. Qa7) 25... Be8 $16 26. h4 c5 27. dxc6 Bxc6 28. Be4 Bxe4 29. Rxe4 $14 {[%mdl 4096] Endgame KQR-KQR} h6 30. Qd5 Qd8 31. g3 b5 32. axb5 Rxb5 33. Qc6 Rb8 34. b4 d5 35. Re5 Qc8 36. Qd6 d4 37. Rc5 Qe8 38. Re5 ({Better is} 38. Qxa6 $16 Qe1+ 39. Kg2 Qxb4 40. Rc4) 38... Qd8 {The position is equal.} 39. Qc6 Qc8 40. Qd6 Qd8 $132 {[%mdl 2048] Black has counterplay} 41. Qxa6 {Qc6 is the strong threat.} Rxb4 42. Qc6 Rb8 43. Qe4 Qc8 44. h5 Qc7 45. Kg2 Rd8 46. Re7 Qc5 47. g4 Kf8 48. Re5 Qd6 49. Kg1 f6 50. Re6 Qd7 51. Kg2 Qd5 52. Qxd5 {Precision: White = 37%, Black = 71%.} 1/2-1/2

[Event "IOM Open-Masters 2017"]
[Site "Douglas"]
[Date "2017.09.29"]
[Round "7"]
[White "Almasi, Zoltan"]
[Black "Bindrich, Falko"]
[Result "0-1"]
[WhiteElo "2707"]
[BlackElo "2598"]
[Annotator "TA"]
[PlyCount "198"]
[EventDate "2017.??.??"]
[EventType "swiss"]
[EventCountry "GBR"]
[SourceTitle "playchess.com"]
[Source "ChessBase"]
[SourceQuality "1"]

{[%evp 21,198,49,50,49,46,47,46,50,56,44,55,52,67,37,46,30,72,45,60,60,63,64,64,64,64,40,40,33,46,36,43,0,48,46,53,61,61,51,60,28,33,39,36,28,72,49,62,23,52,44,72,58,72,71,72,72,71,71,71,71,72,71,72,43,71,69,71,72,71,71,71,81,71,72,82,70,67,65,65,65,81,47,81,81,81,81,95,81,81,0,79,72,81,81,81,81,81,0,81,61,72,72,81,81,93,79,91,81,81,72,88,81,81,81,81,44,81,79,79,79,88,73,73,75,65,62,47,7,5,0,47,0,0,0,0,0,0,-18,0,0,7,0,0,7,65,55,54,53,80,53,88,75,72,71,70,62,79,-312,-314,-273,-290,-302,-302,-248,-293,-285,-280,-381,-387,-332,-96,-546,-533,-535,-532,-486,-389,-649,-634]} 1. e4 c5 2. Nf3 d6 3. d4 cxd4 4. Nxd4 Nf6 5. Nc3 a6 6. Be2 e5 7. Nb3 Be7 8. Bg5 Nbd7 9. a4 {B92: Sizilianisch (Najdorf-Variante mit 6.Le2)} h6 10. Bh4 b6 11. Bc4 (11. Nd2 Bb7 12. Nc4 Qc7 13. Ne3 O-O 14. O-O Rfe8 15. Bc4 Qc5 16. Bxf6 Nxf6 {½-½ (31) Nisipeanu,L (2659)-Nakamura,H (2774) Medias 2011}) 11... Bb7 {LiveBook: 9 Partien} 12. Qd3 O-O 13. O-O Qc7 14. Bxf6 Nxf6 15. Nd2 Rfc8 {[#]} 16. Bb3 $146 ({Vorgänger:} 16. Rfd1 Bf8 {½-½ (24) Ninov,N (2520)-Sjugirov,S (2646) Cappelle-la-Grande 2013}) 16... Qc5 17. Qc4 Qxc4 18. Nxc4 Rc6 19. f3 Rac8 20. Ne3 Rc5 21. Rfd1 Kf8 22. Rd3 g6 23. Rad1 h5 24. Kf2 Ke8 25. Na2 Kf8 26. Nc3 Ke8 27. h4 Kf8 28. g3 Ke8 29. R1d2 (29. Ke2 {is more complex.} b5 30. Na2 Kf8 31. axb5 axb5 32. Nb4) 29... Kf8 30. Ncd5 Bxd5 31. Bxd5 Ra5 32. Bb3 Rac5 33. c3 Kg7 34. Nc2 Kf8 35. Rd1 Kg7 36. R3d2 Kf8 37. Ra1 Kg7 38. Ke2 Kf8 39. Rad1 Kg7 40. Rg1 Kf8 41. Rf1 Kg7 42. Rd3 Kf8 43. Ne3 Kg7 44. Rd2 R5c6 45. Bd5 R6c7 46. Ra1 Rb8 47. Nc2 Rbc8 48. Rad1 Ra7 49. Nb4 Bf8 50. Bb3 Nd7 51. Bc2 Nc5 52. Nd5 Rb7 53. Ra1 Ra8 54. Ra3 Nd7 55. Ra1 ({Lieber} 55. a5 $16) 55... Nf6 (55... Nc5 $1 $11) 56. Bb3 {Sxf6 ist eine echte Drohung.} Raa7 57. Ne3 Rb8 58. Nc2 Rc8 59. Ne3 (59. a5 $16) 59... Rac7 (59... Rb8 $1 $11) 60. Bc2 Rc5 61. Bd3 Ra8 62. Bc4 Ra7 63. Kf2 Ra8 64. Be2 Ra7 65. Rad1 Rc6 66. Nc2 Rc8 67. Nb4 Rca8 68. Ra1 Nd7 69. Nd5 Rb8 70. Ra3 Nc5 71. b4 Nd7 72. a5 b5 73. Rb3 Nf6 74. Nb6 Nd7 75. Nd5 Nf6 76. Ke3 Nxd5+ 77. Rxd5 Rc7 78. Kd2 Be7 79. Kc2 Rc6 80. Rb1 f5 81. exf5 gxf5 82. Kb3 Rbc8 (82... Kf6 $11) 83. Rc1 $14 Kf6 84. c4 Ke6 85. Rdd1 Bf6 86. Bd3 bxc4+ 87. Bxc4+ ({Doch nicht} 87. Rxc4 $6 d5 $11) 87... Ke7 88. Rc2 e4 89. Rd5 $2 {[%mdl 8192]} (89. f4 $16) 89... e3 $1 $19 {Droht stark ...Txc4!} ({Minderwertig wäre} 89... Be5 90. f4 $11) 90. Rd3 {[#]} d5 $1 {[%cal Rd5c4][%mdl 512]} 91. Rxe3+ ({Nicht} 91. Rxd5 $2 {[#]} Rxc4 $1 {[%mdl 512]} 92. Rxc4 e2 $3 $19 {[%mdl 512]}) (91. Bxd5 Rxc2) 91... Kd6 92. Bxa6 Rxc2 93. Bxc8 Rxc8 {[%mdl 4096] Endspiel KTL-KT} 94. b5 Bd4 95. Rd3 Bc5 $2 (95... Rc4 $19 {und Schwarz behält klar die Oberhand. Droht ...Lc5 und aus.} 96. b6 Bc5) 96. Rc3 $2 {[%mdl 8192]} (96. b6 $17) 96... Ra8 97. a6 d4 98. Rc1 Kd5 99. Kc2 $2 (99. Ra1) 99... Kc4 {Precision: Weiß = 55%, Schwarz = 57%.} 0-1

[Event "IOM Open-Masters 2017"]
[Site "Douglas"]
[Date "2017.09.29"]
[Round "7"]
[White "Short, Nigel D"]
[Black "Sunilduth Lyna, Narayanan"]
[Result "1/2-1/2"]
[WhiteElo "2698"]
[BlackElo "2568"]
[Annotator "TA"]
[PlyCount "191"]
[EventDate "2017.??.??"]
[EventType "swiss"]
[EventCountry "GBR"]
[SourceTitle "playchess.com"]
[Source "ChessBase"]
[SourceQuality "1"]

{[%evp 15,191,14,22,22,10,20,38,20,33,15,14,8,8,-19,0,0,0,-23,-15,-20,-13,-24,8,8,8,8,8,3,15,14,6,11,5,0,44,43,53,37,59,57,62,57,47,0,0,0,0,0,0,0,184,178,161,171,156,191,177,177,177,171,161,157,168,156,158,152,143,118,118,118,118,118,118,118,177,166,165,125,125,125,125,125,125,125,125,125,125,125,125,125,125,125,125,125,125,122,123,91,69,0,0,0,65,26,29,0,0,0,0,0,0,0,0,0,0,0,0,0,0,0,0,0,0,0,0,0,0,0,0,0,0,0,0,0,0,0,0,0,0,0,0,0,0,0,0,0,0,0,0,0,40,40,40,40,47,47,47,47,47,0,40,33,40,40,47,47,47,0,47,0,0,0,0,0,0,0,0,0]} 1. d4 Nf6 2. Nf3 d5 3. c4 e6 4. Nc3 c6 5. cxd5 exd5 6. Qc2 Na6 7. Bg5 Be7 8. e3 Nb4 9. Qb1 {D36: Queen's Gambit Declined: Exchange Variation: Main line (5 Bg5 c6 6 Qc2)} g6 10. Qd1 a5 11. a3 {White is slightly better.} Na6 {[%cal Bb4a6,Ba6c7,Bc7e6][%mdl 32]} 12. Bd3 Nc7 13. Ne5 $146 ({Predecessor:} 13. O-O Bg4 14. h3 Bxf3 15. Qxf3 {1-0 (49) Gavrikov,V (2590)-Ehlvest,J (2635) Kalev 1997}) 13... Ne6 14. h4 Nd7 15. Bxe7 Qxe7 16. f4 Ng7 17. Qf3 h5 18. O-O Nxe5 19. fxe5 Bf5 20. e4 dxe4 21. Bxe4 Rd8 22. Qf2 O-O 23. Rae1 Qe6 24. Qe3 Rd7 25. Na4 Rdd8 26. Nc5 Qe7 27. Bxf5 $1 Nxf5 28. Rxf5 gxf5 29. Rf1 (29. Qf4 $5 {[%cal Re1e3]} b6 30. Re3 bxc5 31. Rg3+ Kh7 32. Qxf5+ Kh6 33. Qf4+ Kh7 34. Rg5 Qxg5 35. Qxg5 cxd4 36. Qxh5+ Kg7 37. Qg5+ Kh7 38. Qf5+ Kh8 39. Qf6+ Kh7 40. Qf5+ (40. Qxc6 d3 $11) 40... Kg7 41. Qg4+ Kh8 42. Qh5+ Kg7 43. Qg5+ Kh7 44. Qf5+ $16) 29... Qxh4 30. Rf4 $1 {[%cal Rf4h4]} Qg5 31. Qf2 $1 $40 {[%mdl 128] White attacks.} b6 32. Rxf5 Qg4 $2 {[#]} (32... Qg6 $1 $11 {and Black stays safe.} 33. Ne4 Rxd4 $1 {[%mdl 512]} 34. Nf6+ Kg7 35. Nxh5+ Kh7) 33. Ne4 $1 $18 {[%cal Re4f6][%mdl 512] White wants to mate with Nf6+.} Qxe4 ({Don't blunder} 33... Kh8 $2 34. Rg5 $18) 34. Qg3+ Qg4 35. Rg5+ Kh7 36. Rxg4 hxg4 {[%mdl 4096] Endgame KQ-KRR} 37. Qh4+ Kg7 38. Qxg4+ Kh7 39. Qe4+ Kg8 40. Qxc6 Rxd4 41. Qxb6 Rd1+ {[#]} 42. Kh2 $1 Rd5 43. e6 Rh5+ 44. Kg1 {Hoping for e7.} fxe6 (44... Re5 $16 45. exf7+ Kxf7 46. Qc7+ Ke6 47. Qc4+ Kf6) 45. Qxe6+ Kh8 46. Qg4 Rff5 47. Qd4+ Re5 48. g4 Rhg5 49. Kf2 Kg8 50. Kg3 Kf7 51. Kf4 Rc5 52. Qd7+ Kg6 53. Qe6+ Kg7 54. b3 Rcd5 55. Ke4 ({Don't play} 55. a4 Rc5 $18) 55... Rd1 {Strongly threatening ...Re1+.} 56. Qc8 Rf1 57. b4 (57. Kd3 $14) 57... axb4 $11 58. axb4 Rf8 (58... Rf7 $11) 59. Qc7+ Rf7 60. Qg3 Rb7 61. Qc3+ Kh7 62. Kf3 Rgb5 63. Qd3+ Kg7 64. Qd4+ Kg6 65. Qd6+ Kg7 66. Kg3 Rxb4 67. Kh4 {Kh5 is the strong threat.} R7b5 68. Qe6 Rb1 69. Qd7+ Kg6 70. Qc6+ Kg7 71. g5 {Threatens to win with Qf6+.} Rb6 72. Qd7+ Kg6 73. Qd3+ Kg7 74. Qd4+ Kf7 {( -> ...R6b4)} 75. Qd5+ Ke7 76. Kh5 R1b5 77. Qc4 {aiming for Qc7+.} Kd7 78. Qf7+ Kd8 79. Qf8+ Kd7 80. Qf4 Rc5 81. Qd4+ Kc6 82. Kg4 {Black must now prevent g6.} Kb5 83. Qd3+ Ka4 84. Qd1+ Ka5 85. Qa1+ Kb5 86. Qb2+ Kc6 87. Qg2+ Kc7 88. Qg3+ Kc8 89. Qe3 Rcc6 90. Qe7 Ra6 91. Kh5 {And now Qe8+ would win.} Rab6 92. g6 Rxg6 {The position is equal.} 93. Qe8+ Kb7 94. Qf7+ Ka6 95. Qxg6 Rxg6 96. Kxg6 {Precision: White = 50%, Black = 74%.} 1/2-1/2

[Event "IOM Open-Masters 2017"]
[Site "Douglas"]
[Date "2017.09.29"]
[Round "7"]
[White "Kasimdzhanov, Rustam"]
[Black "Fressinet, Laurent"]
[Result "1/2-1/2"]
[WhiteElo "2676"]
[BlackElo "2657"]
[Annotator "TA"]
[PlyCount "76"]
[EventDate "2017.??.??"]
[EventType "swiss"]
[EventCountry "GBR"]
[SourceTitle "playchess.com"]
[Source "ChessBase"]
[SourceQuality "1"]

{[%evp 12,76,15,8,10,8,8,5,12,0,0,0,0,-11,-4,-4,-3,-9,-6,-3,-3,-20,-20,-20,-14,-17,-16,-22,-14,-13,-4,0,0,-7,0,-66,-61,-62,-52,-62,-80,-80,-13,-14,-6,-10,-10,-10,-10,-60,-61,-61,-47,-45,-41,-41,-41,-41,-41,-41,-41,-41,-41,-41,-41,-41,-2]} 1. e4 e5 2. Nf3 Nc6 3. Bb5 {[%cal Bf1b5,Bb5a4,Ba4b3][%mdl 32]} a6 4. Ba4 Nf6 5. d3 b5 6. Bb3 Bc5 7. Nc3 d6 {C77: Ruy Lopez: 3...a6 4 Ba4 Nf6, unusual lines} 8. Nd5 h6 9. c3 Be6 {The position is equal.} (9... O-O 10. O-O Rb8 11. Nxf6+ Qxf6 12. h3 Ne7 13. d4 Bb6 14. Be3 Ng6 15. a4 {1-0 (45) Caruana,F (2808)-Mamedyarov,S (2800) Paris 2017}) 10. O-O {[#] Threatens to win with d4.} Bxd5 11. exd5 Ne7 12. d4 exd4 13. Nxd4 Qd7 14. Ne2 O-O 15. a4 {[#]} Rae8 $146 16. axb5 axb5 17. Nf4 Ng6 18. Bc2 Nxf4 19. Bxf4 Re7 20. h3 Rfe8 21. Qf3 Ne4 22. b4 Bb6 23. c4 (23. Be3 $11) 23... Bd4 $15 {aiming for ...Nxf2.} 24. Ra2 Nc3 $36 {[%mdl 2048] Black fights for an advantage.} 25. Ra3 Ne2+ 26. Kh1 {[#] And now Be3 would win.} Nxf4 ({Don't go for} 26... bxc4 $2 27. Be3 $18) ({Black should try} 26... Bb2 $1 $17 27. Ra5 Nd4) 27. Qxf4 $11 Be5 28. Qf3 g6 29. Ra5 Bd4 {White must now prevent ...Re1.} 30. cxb5 Re1 {Black is slightly better.} 31. Bd3 Qe7 32. Ra2 Rxf1+ 33. Bxf1 Qe1 34. Kg1 Kg7 35. Re2 Rxe2 36. Qxe2 Qxb4 37. Qf3 h5 38. h4 Qc3 {Precision: White = 65%, Black = 74%.} 1/2-1/2

[Event "IOM Open-Masters 2017"]
[Site "Douglas"]
[Date "2017.09.29"]
[Round "7"]
[White "Rapport, Richard"]
[Black "Swapnil, S.  Dhopade"]
[Result "1/2-1/2"]
[WhiteElo "2675"]
[BlackElo "2532"]
[Annotator "TA"]
[PlyCount "61"]
[EventDate "2017.??.??"]
[EventType "swiss"]
[EventCountry "GBR"]
[SourceTitle "playchess.com"]
[Source "ChessBase"]
[SourceQuality "1"]

{[%evp 9,61,10,11,18,26,26,14,-4,2,5,12,10,26,11,8,0,0,-15,-13,-14,0,-80,-84,-79,-85,-70,-26,-193,-159,-164,-81,-98,-72,-85,-74,-120,-46,-52,-47,-145,-51,-84,-65,-106,-107,-95,-76,-178,-89,-102,-97,-162,-152,-260]} 1. Nf3 Nf6 2. b3 d5 3. Bb2 c6 4. e3 Bg4 5. h3 (5. d4 e6 6. Nbd2 Be7 7. c4 O-O 8. Qc2 Nbd7 9. Bd3 Bh5 10. Ne5 Rc8 11. O-O Bg6 12. Nxg6 hxg6 {1-0 (42) Nakamura,H (2786)-Grigoriants,S (2576) chess.com INT 2017}) 5... Bh5 6. d3 {A06: Réti Opening:1 Nf3 d5} Nbd7 7. Nbd2 e6 8. Qe2 {The position is equal.} Bd6 9. g4 Bg6 10. Nh4 e5 11. Bg2 $146 ({Predecessor:} 11. f4 exf4 12. exf4+ Kf8 {0-1 (26) Hellegaard,C (2225)-Aagaard,J (2538) Denmark 2010}) 11... Qe7 12. a3 a5 13. g5 Nh5 14. Qg4 O-O 15. Bf3 (15. Nxg6 $11 fxg6 16. h4) 15... e4 $1 $36 {[%cal Re4f3][%mdl 2048] Black is in control.} 16. dxe4 Be5 $1 {[%cal Re5b2]} 17. c3 Nc5 {Strongly threatening ...Nd3+.} (17... Bg3 $5 {[%cal Rd7e5]} 18. Nf5 (18. fxg3 Ne5 $17) (18. Nxg6 $2 fxg6 19. exd5 Ne5 $19) 18... Bxf5 19. exf5 (19. Qxf5 $2 g6 $19) 19... Qxe3+ 20. Kd1 Qxf2 21. Qxh5 Bf4 $11) 18. Nf5 $2 (18. Be2 $11 {and White stays safe.}) 18... Bxf5 19. exf5 Nf4 (19... Nd3+ $19 {is more deadly.} 20. Kf1 Ng3+ $1 {[%mdl 512]} 21. fxg3 Nxb2) 20. exf4 Bxc3+ $1 21. Kf1 Bxb2 22. Ra2 {[#]} Bc3 (22... Bc1 $1 $17 {Threatens to win with ...Qd6.} 23. f6 Qd6) 23. f6 Qd6 24. fxg7 (24. Nb1 $15 Bd4 25. f5) 24... Kxg7 (24... Rfe8 $17 {And now ...Nd3 would win.} 25. f5 Nd3) 25. f5 Bxd2 26. f6+ {[#]} Kh8 $1 27. Rxd2 Nxb3 28. Rd1 (28. Ra2 $17) 28... Nc5 (28... Qxa3 $19 29. Kg2 Nc5) 29. Rg1 Rae8 30. Rd4 (30. h4 $17) 30... Qe5 31. Qh4 {[%mdl 32768] Precision: White = 34%, Black = 46%. . An unexpected result.} (31. Rd1 $17 {might work better.}) 1/2-1/2

[Event "IOM Open-Masters 2017"]
[Site "Douglas"]
[Date "2017.09.29"]
[Round "7"]
[White "Movsesian, Sergei"]
[Black "Sokolov, Ivan"]
[Result "1/2-1/2"]
[WhiteElo "2671"]
[BlackElo "2603"]
[Annotator "TA"]
[PlyCount "87"]
[EventDate "2017.??.??"]
[EventType "swiss"]
[EventCountry "GBR"]
[SourceTitle "playchess.com"]
[Source "ChessBase"]
[SourceQuality "1"]

{[%evp 14,87,24,17,41,35,39,34,37,40,57,44,54,52,61,60,72,44,52,56,52,53,58,58,60,70,89,20,36,0,8,4,8,0,18,10,30,14,56,56,89,86,82,79,57,22,24,0,0,0,0,0,0,0,0,0,0,0,0,0,0,0,0,0,4,0,0,0,0,0,0,0,0,0,0,0]} 1. e4 e5 2. Nf3 Nc6 3. Bb5 a6 4. Ba4 Nf6 5. O-O Be7 6. d3 d6 7. c3 O-O 8. Nbd2 {[%cal Bb1d2,Bd2c4,Bc4e3,Be3g4][%mdl 32]} Nb8 {C77: Ruy Lopez: 3...a6 4 Ba4 Nf6, unusual lines} (8... b5 9. Bc2 d5 10. d4 exd4 11. e5 d3 12. Bxd3 Ng4 13. Qe2 f6 14. exf6 Nxf6 15. h3 Bd6 16. Re1 Re8 17. Qd1 Rxe1+ 18. Qxe1 {½-½ (43) Karjakin,S (2773)-Aronian,L (2799) Saint Louis 2017}) 9. Re1 Nbd7 10. Bc2 Re8 {White is slightly better.} 11. a4 c5 $146 ({Predecessor:} 11... a5 12. Nc4 Bf8 13. h3 c6 14. Nh2 Nc5 15. Qf3 Qc7 16. Ng4 Nxg4 17. hxg4 {½-½ (28) Pilnik,H-Shocron,R Buenos Aires 1958}) 12. Bb3 h6 13. Nc4 Nb6 14. Ne3 a5 15. h3 Bf8 16. Nh2 Be6 17. Bxe6 fxe6 18. Neg4 Nbd7 19. f4 Ra6 {[%cal Ba8a6,Ba6b6,Bb6b3][%mdl 32]} 20. c4 (20. fxe5 $16 dxe5 21. Ne3) 20... Be7 21. Rf1 exf4 22. Bxf4 Nxg4 23. Nxg4 Bg5 24. Bg3 Rb6 25. Qe2 h5 26. Nh2 $1 h4 {[#]} 27. Be1 $1 {[%cal Re1a5]} Bf6 {[#]} 28. Rb1 $1 Rb3 29. Ng4 Bd4+ 30. Bf2 Bxf2+ {The position is equal.} 31. Qxf2 {Threatening mate with Qf7+.} Rf8 32. Qc2 Rb4 33. b3 Nf6 34. Nxf6+ Rxf6 35. Rxf6 Qxf6 $11 {[%mdl 4096] Endgame KQR-KQR} 36. Rf1 Qg5 37. Qd1 Rb6 38. Kh1 Rb4 39. Rf3 Qe5 40. Qc1 Kh7 41. Qe1 Kg8 42. Qxh4 Rxb3 43. Qd8+ Kh7 {( -> ...Rb1+)} 44. Qh4+ {Precision: White = 74%, Black = 65%.} 1/2-1/2

[Event "IOM Open-Masters 2017"]
[Site "Douglas"]
[Date "2017.09.29"]
[Round "7"]
[White "Adhiban, B."]
[Black "Sundararajan, Kidambi"]
[Result "1-0"]
[WhiteElo "2670"]
[BlackElo "2426"]
[Annotator "TA"]
[PlyCount "71"]
[EventDate "2017.??.??"]
[EventType "swiss"]
[EventCountry "GBR"]
[SourceTitle "playchess.com"]
[Source "ChessBase"]
[SourceQuality "1"]

{[%evp 20,71,31,32,52,40,38,33,97,102,124,102,97,86,83,84,126,118,127,114,133,128,166,175,318,312,308,309,373,373,373,373,373,373,463,456,463,458,460,455,515,491,522,505,522,486,486,489,559,581,563,553,622,622]} 1. c4 c5 2. Nc3 Nc6 3. Nf3 Nf6 4. d4 cxd4 5. Nxd4 e6 6. g3 Bc5 7. Nb3 Be7 8. Bg2 O-O 9. O-O b6 10. Bf4 Ba6 11. Nb5 {LiveBook: 23 Games} Ne8 $146 {A33: Symmetrical English: 2 Nf3 Nf6 3 d4 cxd4 4 Nxd4 e6 5 Nc3 Nc6} ({Predecessor:} 11... d5 12. Nc7 Bxc4 13. Nxa8 Qxa8 14. Rc1 Bb5 15. Re1 Qb7 16. Nd4 Nxd4 17. Qxd4 Bc5 18. Qd2 Qe7 19. a3 {1-0 (51) Bluebaum,M (2588)-Jumabayev,R (2606) Berlin 2015}) 12. Qd2 Rc8 13. Rfd1 d5 ({Better is} 13... g5 $1 $14 14. Qxd7 gxf4 15. Bxc6 fxg3) 14. cxd5 $16 exd5 15. Nc3 Nf6 16. Nxd5 Nxd5 17. Bxd5 Nb4 18. Bf3 Qxd2 19. Bxd2 (19. Nxd2 $6 Nc2 $11) 19... Bc4 20. Nd4 a5 21. a3 Na6 (21... Bf6 {is a better defense.}) 22. b3 $18 Bf6 23. Be3 ({Don't play} 23. bxc4 $6 Bxd4 24. Rab1 Nb8 $18) 23... Bxb3 24. Nxb3 Bxa1 25. Rxa1 ({But not} 25. Nxa1 Nc5 $18) 25... Rc3 26. Rb1 Nc5 27. Nxc5 {White is clearly winning.} bxc5 28. a4 c4 29. Bd5 Rc2 30. Rb7 c3 31. Rc7 h6 32. Kg2 Rxe2 33. Rxc3 Rd8 34. Rc5 Re8 35. Kf3 Rb2 36. Rxa5 {Precision: White = 84%, Black = 35%.} 1-0

[Event "IOM Open-Masters 2017"]
[Site "Douglas"]
[Date "2017.09.29"]
[Round "7"]
[White "Riazantsev, Alexander"]
[Black "Donchenko, Alexander"]
[Result "1/2-1/2"]
[WhiteElo "2666"]
[BlackElo "2559"]
[Annotator "TA"]
[PlyCount "98"]
[EventDate "2017.??.??"]
[EventType "swiss"]
[EventCountry "GBR"]
[SourceTitle "playchess.com"]
[Source "ChessBase"]
[SourceQuality "1"]

{[%evp 25,98,46,54,48,61,41,56,65,47,54,40,41,62,53,85,75,105,95,102,92,118,104,108,112,94,96,114,110,105,108,140,128,127,116,99,59,70,73,93,86,99,86,99,107,95,83,96,91,236,233,119,60,54,35,35,35,35,35,35,35,35,35,104,104,104,104,104,104,111,104,104,104,104,104,104]} 1. d4 Nf6 2. c4 c5 3. d5 e6 4. Nc3 exd5 5. cxd5 d6 6. Nf3 g6 7. Bf4 Bg7 8. Qa4+ Bd7 9. Qb3 Qc7 10. e4 O-O 11. Nd2 Nh5 12. Be3 f5 {A70: Benoni (Hauptsystem)} 13. exf5 Bxf5 {LiveBook: 47 Partien} 14. h3 (14. Be2 Nf6 15. Nc4 Ne8 16. O-O Na6 17. a3 Bd7 18. Rac1 Rb8 19. a4 Nb4 20. Rfd1 {0-1 (58) Yilmaz,M (2616)-Pantsulaia,L (2601) Baku 2016}) 14... Nf6 $146 {Weiß steht etwas besser.} ({Vorgänger:} 14... Bd7 15. Nce4 Na6 16. Nc4 Nb4 17. a3 Bf5 18. Ncxd6 Nc2+ 19. Qxc2 Qxd6 20. Nxd6 Bxc2 {½-½ (41) Smirnov,A (2448)-Ezhov,R (2258) Viljandi 2015}) 15. g4 Bd7 16. Bg2 $1 Na6 17. O-O Rab8 18. Rfe1 b5 19. Nce4 Ne8 20. a3 c4 21. Qc2 Nf6 22. Nxf6+ Bxf6 23. Ne4 Be5 24. b4 cxb3 25. Qxb3 Qc4 26. Qxc4 bxc4 27. Rac1 Bb5 28. Bxa7 Ra8 {[#]} 29. Be3 $1 Nc7 30. Bb6 Rfc8 31. Nc3 Rxa3 {[#]} 32. Rxe5 $1 {[%mdl 512]} dxe5 33. d6 ({Natürlich nicht} 33. Bxc7 $6 Rxc3 34. Rxc3 Rxc7 $11) 33... Rxc3 34. Rxc3 Ne8 35. Bd5+ Kg7 36. Be6 Rb8 {[#]} (36... Ra8 $16) 37. Bc7 $1 $18 {[%cal Rc7b8]} ({Nicht} 37. Bxc4 Rxb6 38. Bxb5 Nxd6 $11) 37... Ra8 38. g5 ({Günstiger ist} 38. Rf3 $16) 38... h6 $1 $14 39. h4 {Droht Kh2 und aus.} hxg5 40. hxg5 {Droht stark Kh2.} Ra1+ $1 41. Kh2 Rd1 42. Re3 Nxd6 43. Rxe5 Bc6 (43... Rd2 $14) 44. Bxd6 $1 $16 {Weiß steht besser.} Rxd6 45. Bxc4 {KTL-KTL} Rd7 46. Kg3 Ba4 47. Rc5 Bb3 48. Bb5 Rd5 49. Rxd5 Bxd5 {Precision: Weiß = 77%, Schwarz = 55%.} 1/2-1/2